Keep smiling through : the home front 1939-45

Αποθηκεύτηκε σε:
Λεπτομέρειες βιβλιογραφικής εγγραφής
Κύριος συγγραφέας: Briggs, Susan
Άλλοι συγγραφείς: Lynn, Vera (Συγγραφέας εισαγωγής κ.λπ.)
Μορφή: Βιβλίο
Γλώσσα:English
Δημοσίευση: London : Weidenfeld & Nicolson, 1975
Θέματα:
Ετικέτες: Προσθήκη ετικέτας
Δεν υπάρχουν, Καταχωρήστε ετικέτα πρώτοι!

MARC

LEADER 00000nam a2200000 i 4500
001 1/82910
008 990527s1975 eng d
020 |a 0-297-76989-8 
035 |l 10051208 
040 |a GR-MY-UA  |b gre  |e aacr 
041 0 |a eng 
082 0 |a 940.5341 
100 1 |a Briggs, Susan. 
245 1 0 |a Keep smiling through :  |b the home front 1939-45 /  |c Susan Briggs ; introduction by Vera Lynn 
260 |a London :   |b Weidenfeld & Nicolson,   |c 1975 
300 |a 256 p. 
650 0 0 |a World War, 1939-1945  |z Great Britain. 
651 0 |a Great Britain  |x Social life and customs  |y 20th century. 
700 1 |a Lynn, Vera.  |4 aui 
852 |a INST  |b CHIOS  |e 19990527  |h 940.5341 BRI  |p 005200014299  |q 005200014299  |t BK  |y 0 
901 |a BIBL2-1999-2 
909 |a Χ  |b 055828 
922 |a 2ΔΩΡ